Oeuvres mathématiques /

Guardado en:
Autor Principal: Salem, Raphaël, 1898-1963.
Formato: Libro
Idioma:French
English
Publicado: Paris : Hermann, c1967.
Materias:
Etiquetas: Agregar Etiqueta
Sin Etiquetas, Sea el primero en etiquetar este registro!
LEADER 00692cam a22002295a 4500
001 MAT.inmabb005111
008 840507s1967####fr#c#####b####000#0dfre##
005 20130207172514.0
245 0 0 |a Oeuvres mathématiques /  |c Raphaël Salem. 
260 |a Paris :  |b Hermann,  |c c1967. 
300 |a 644 p. :  |b retr. ;  |c 25 cm. 
500 |a Francés o inglés. 
504 |a "Travaux de Raphaël Salem": p. 12-[14]. 
510 4 |a MR,  |c 36 #22 
100 1 |a Salem, Raphaël,  |d 1898-1963. 
600 1 4 |a Salem, Raphaël,  |d 1898-1963. 
650 0 |a Mathematics. 
084 |a 01A75  |2 msc2000 
010 |a  67099186  
040 |a DLC/ICU  |c ICU  |d DLC 
041 0 |a fre  |a eng 
859 |h 01A75  |i Sa163  |p A-2471  |b BIB. MATEMATICA